Tawny scrawny lion. (Record no. 1152)
[ view plain ]
| 000 -LEADER | |
|---|---|
| fixed length control field | 01086cam a22002531 4500 |
| 005 - DATE AND TIME OF LATEST TRANSACTION | |
| control field | 20260304083103.0 |
| 020 ## - INTERNATIONAL STANDARD BOOK NUMBER | |
| International Standard Book Number | 033500713002 |
| 040 ## - CATALOGING SOURCE | |
| Original cataloging agency | DLC |
| Transcribing agency | NmLcU |
| Modifying agency | NmLcU |
| -- | DLC |
| Language of cataloging | eng |
| 050 00 - LIBRARY OF CONGRESS CALL NUMBER | |
| Classification number | PZ10.3.J14 |
| Item number | Taw |
| 082 ## - DEWEY DECIMAL CLASSIFICATION NUMBER | |
| Classification number | Fic |
| 100 1# - MAIN ENTRY--PERSONAL NAME | |
| Personal name | Jackson, Kathryn, |
| Dates associated with a name | 1907- |
| 245 10 - TITLE STATEMENT | |
| Title | Tawny scrawny lion. |
| Statement of responsibility, etc. | Pictures by Gustaf Tenggren. |
| 260 ## - PUBLICATION, DISTRIBUTION, ETC. | |
| Place of publication, distribution, etc. | New York, |
| Name of publisher, distributor, etc. | Western Publishing Company, Inc. |
| Date of publication, distribution, etc. | 1952. |
| 300 ## - PHYSICAL DESCRIPTION | |
| Extent | 23 unnumbered pages : |
| Other physical details | Colors illustrations ; |
| Dimensions | 21 cm |
| 490 0# - SERIES STATEMENT | |
| Series statement | The Little golden book |
| 505 ## - FORMATTED CONTENTS NOTE | |
| Formatted contents note | F <br/> |
| 520 ## - SUMMARY, ETC. | |
| Summary, etc. | Once there was a tawny scrawny lion who chased monkeys on Monday—kangaroos on Tuesday—zebras on Wednesday—bears on Thursday—camels on Friday—and on Saturday, elephants! So begins the funny, classic Golden story of a family of ten fat rabbits that teaches the hungry lion to eat carrot stew—so that he doesn’t eatthem! |
| 521 ## - TARGET AUDIENCE NOTE | |
| Target audience note | 320 <br/> |
| Source | Lexile <br/> |
| 521 ## - TARGET AUDIENCE NOTE | |
| Target audience note | F <br/> |
| Source | Raz-Plus <br/> |
| 700 1# - ADDED ENTRY--PERSONAL NAME | |
| Personal name | Tenggren, Gustaf |
| Dates associated with a name | 1896-1970, |
| Relator term | illustrator. |
| 906 ## - LOCAL DATA ELEMENT F, LDF (RLIN) | |
| a | 7 |
| b | cbc |
| c | oclcrpl |
| d | u |
| e | ncip |
| f | 19 |
| g | y-gencatlg |
| 942 ## - ADDED ENTRY ELEMENTS (KOHA) | |
| Source of classification or shelving scheme | Dewey Decimal Classification |
| Koha item type | Books |
| Suppress in OPAC | No |
| 999 ## - | |
| -- | 1152 |
| -- | 1152 |
| Withdrawn status | Lost status | Source of classification or shelving scheme | Damaged status | Not for loan | Collection | Home library | Current library | Shelving location | Date acquired | Total Checkouts | Full call number | Barcode | Date due | Date last seen | Date last checked out | Copy number | Price effective from | Koha item type |
|---|---|---|---|---|---|---|---|---|---|---|---|---|---|---|---|---|---|---|
| Dewey Decimal Classification | Juvenile Fiction | Footprints International School Library Network Toul Kork Campus | Footprints International School Library Network Toul Kork Campus | 08/04/2023 | 3 | JAC Fic PZ10.J14 | FISBK00192 | 06/11/2025 | 05/28/2025 | 05/28/2025 | 1 | 08/04/2023 | Books | |||||
| Dewey Decimal Classification | Juvenile Fiction | Footprints International School Library Network Toul Kork Campus | Footprints International School Library Network Toul Kork Campus | 08/04/2023 | 2 | JAC Fic PZ10.J14 | FISBK00178 | 02/05/2024 | 01/29/2024 | 2 | 08/04/2023 | Books | ||||||
| Dewey Decimal Classification | Juvenile Fiction | Footprints International School Library Network Toul Tom Poung Campus | Footprints International School Library Network Toul Tom Poung Campus | TTP Primary Green Bookshelves | 08/04/2023 | 3 | JAC Fic PZ10.J14 | FISBK00162 | 03/31/2026 | 03/02/2026 | 3 | 08/04/2023 | Books |
